| 000 | 00745nam a2200229Ii 4500 | ||
|---|---|---|---|
| 003 | JO-AjNU | ||
| 008 | 230605s9999||||xx |||||||||||||| ||und|| | ||
| 017 | _a1978/4683 | ||
| 020 | _a977-7259-760 | ||
| 040 |
_aJO-AjNU _bara _erda _cJO-AjNU |
||
| 041 | _aara | ||
| 050 | 1 | 4 | _aH62.L3.1988 |
| 100 | 3 |
_aأحمد حسين اللقاني، برنس أحمد رضوان, _eauthor _938451 |
|
| 245 | 0 | 0 | _aتدريس المواد الاجتماعية |
| 250 | _aط3مزيدة ومنقحة | ||
| 264 | 3 | 1 | _aالقاهرة:عالم الكتب،1988 |
| 300 | _a334ص | ||
| 336 |
_atext _btxt _2rdacontent |
||
| 337 |
_aunmediated _bn _2rdamedia |
||
| 338 |
_avolume _bnc _2rdacarrier |
||
| 650 | 4 |
_aعلوم اجتماعية-طرق تدريس _938452 |
|
| 999 |
_aA16156 _c19724 _d19724 |
||